|
|
|
|
| LEADER |
00000nam a2200000Ii 4500 |
| 001 |
DIGOCTA0137 |
| 003 |
NyNyDIG |
| 008 |
220305s2015 sp ob 001 0 spa d |
| 006 |
m o d |
| 007 |
cr ||||||||||| |
| 035 |
|
|
|a (OCoLC)932335156
|
| 040 |
|
|
|a DGITA
|b eng
|e rda
|e pn
|c DGITA
|
| 041 |
1 |
|
|a spa
|h ger
|
| 043 |
|
|
|a e-gw---
|
| 020 |
|
|
|a 9788499217291
|q eBook
|q pdf
|
| 020 |
|
|
|z 9788499217055
|
| 050 |
1 |
4 |
|a LA721 ebook
|
| 100 |
1 |
|
|a Horlacher, Rebekka,
|e author.
|
| 240 |
1 |
0 |
|a Bildung, haupt berne.
|l Spanish
|s (Reyno and Bredlow)
|
| 245 |
1 |
0 |
|a Bildung, la formación /
|c Rebekka Horlacher ; traducción al castellano de Leandro Reyno, Luis Andrés Bredlow.
|
| 264 |
|
1 |
|a Barcelona :
|b Octaedro,
|c [2015]
|
| 300 |
|
|
|a 1 online resource.
|
| 336 |
|
|
|a text
|b txt
|2 rdacontent
|
| 337 |
|
|
|a computer
|b c
|2 rdamedia
|
| 338 |
|
|
|a online resource
|b cr
|2 rdacarrier
|
| 347 |
|
|
|a text file
|2 rdaft
|
| 347 |
|
|
|b PDF
|
| 490 |
1 |
|
|a Educación comparada e internacional ;
|v no. 8
|
| 504 |
|
|
|a Includes bibliographical references and index.
|
| 588 |
0 |
|
|a Online resource; title from PDF title page (Digitalia, viewed March 5, 2022)
|
| 650 |
|
0 |
|a Education
|z Germany
|x Philosophy.
|
| 650 |
|
0 |
|a Education
|z Germany
|x History.
|
| 650 |
|
0 |
|a Education
|x Social aspects.
|
| 655 |
|
0 |
|a Electronic books.
|
| 700 |
1 |
|
|a Reyno, Leandro,
|e translator.
|
| 700 |
1 |
|
|a Bredlow, Luis Andrés,
|e translator.
|
| 700 |
1 |
|
|i Translation of:
|a Horlacher, Rebekka.
|t Bildung, haupt berne.
|
| 791 |
2 |
|
|a Digitalia (Firm),
|e distributor.
|
| 793 |
0 |
|
|g Digitalia eBook Collection:
|a Ediciones Octaedro
|
| 776 |
0 |
8 |
|i Print version:
|a Horlacher, Rebekka.
|s Bildung, haupt berne. Spanish (Reyno and Bredlow).
|t Bildung, la formación.
|b Primera edición.
|d Barcelona : Octaedro, [2015]
|z 9788499217055
|
| 830 |
|
0 |
|a Educación comparada e internacional ;
|v 8.
|
| 856 |
4 |
0 |
|3 Digitalia Hispánica
|u https://www.digitaliapublishing.com/a/41996/
|
| 910 |
|
|
|a Premium collection: 2022
|